1506 1180 1624 1795 1910 1752 1082 1583 1730 1374 1019 1378 1676 1910 1621 1453 1240 1388 1172 1098 1450 1094 1606 1283 1294 1821 1296 1389 1745 1114 1852 1492 1201 1957 1062 1457 1905 1044 1228 1846 1987 1837 1865 1255 1525 1975 1938 1468 1345 1513 1479 1921 1521 1894 1293 1272 1406 1562 1334 1880 1187 1236 1320 1263 1129 1073 1747 1992 1959 1016 1626 1532 1396 1303 1912 1590 1037 1222 1531 1022 1262 1268 1090 1275 1145 1301 1580 1803 1927 1706 1288 1936 1122 1683 1644 1314 1802 1914 1842 BCNSPRNW ULIB Ver.6.0+V

เปลี่ยนเป็นภาษาไทย

Change to English
 แสดงรายละเอียดบรรณานุกรม
  กลับหน้าหลัก

Brief Record : Get Marc (ISO 2709) : E-mail record : QR code < ปิดหน้าต่าง
LEADER : 00000nam 2200000uu 4500
001    13399114411
003     ULIB
008    110323s||||||||th 000 0 tha d
020    9789741645091
050  4 PN4129^bท488ว
100 1  ทิภาพร เยี่ยมวัฒนา
245 10 65 วิธีพูดดีดีได้ใจคน /^cทิภาพร เยี่ยมวัฒนา
250    พิมพ์ครั้งที่ 2
260    กรุงเทพฯ :^bบิสคิต,^c2553
300    135 หน้า :^bภาพประกอบ ;^c21 ซม.
650  7 การพูด
650  7 วาทศิลป์
945    ^p155^l0^i031512
945    ^p155^l0^i031513
995    ทศพร
999 ^a ใช้งานได้ทุกระบบ
รายการนี้ยังไม่มีแท็ก
คุณยังไม่ได้ล็อกอิน คุณสามารถมีกิจกรรมร่วมกับเว็บไซต์ได้ แต่ต้องล็อกอินก่อน ::
  ล็อกอิน

รายการสื่อสารสนเทศ

ลำดับที่ ประเภท เลขเรียก/บาร์โค้ด สถานที่ สถานะ
1. วิทยาศาสตร์การแพทย์ และสุขภาพ
หนังสือสำรอง
สถานะ=หนังสือสำรอง
PN4129 ท488ว ฉ.1 
  Barcode: 031512
ห้องสมุดวิทยาเขตสวรรค์ประชารักษ์
►ส่วนจัดเก็บหนังสือเก่า สปร
บนชั้น
  ขอยืม

รายการใกล้เคียง
    ผู้แต่ง [ทิภาพร เยี่ยมวัฒนา]

    หัวเรื่อง [การพูด]
    หัวเรื่อง [วาทศิลป์]

BibComment


ยังไม่เคยถูกคอมเมนท์

คอมเมนท์ทรัพยากรรายการนี้
  คอมเมนท์: 65 วิธีพูดดีดีได้..


 Copyright 2026. Bcnsprnw @Library